[Event "AUTO-OPEN-2638"]
[Site "http://www.queenalice.com/game.php?id=1040983"]
[Date "2012.3.20"]
[Round "1"]
[White "MariusLola"]
[Black "MacZort"]
[Result "1-0"]
[WhiteElo "1768"]
[BlackElo "1629"]

1. Nf3 Nf6 2. g3 g6 3. Bg2 Bg7 4. d4 d6 5. O-O O-O 6. Nc3 Nbd7 7. e4 Re8 8. Re1
e5 9. d5 a5 10. a4 Nc5 11. b3 Bd7 12. Ba3 c6 13. Qe2 cxd5 14. exd5 Rc8 15. Red1
Qc7 16. Rab1 Bg4 17. h3 Bd7 18. Ng5 Nh5 19. Qf3 f5 20. b4 Nxa4 21. Nxa4 Bxa4 22.
Rdc1 Qc3 23. Qxc3 Rxc3 24. Bb2 Rxc2 25. bxa5 Rec8 26. Ba3 Bf8 27. Rxc2 Bxc2 28.
Rxb7 Bd3 29. Nf7 e4 30. a6 Bxa6 31. Ra7 Bc4 32. Nxd6 Bxd6 33. Bxd6 Bxd5 34. Be5
Bf7 35. g4 Ng7 36. Bf4 Bc4 37. f3 Bd3 38. Rd7 Re8 39. fxe4 fxe4 40. Kf2 h5 41.
Ke3 hxg4 42. hxg4 Ne6 43. Bxe4 Bxe4 44. Rd6 Nxf4 45. Kxf4 Kf7 46. g5 1-0

[Event "AUTO-OPEN-2638"]
[Site "http://www.queenalice.com/game.php?id=1040984"]
[Date "2012.3.20"]
[Round "1"]
[White "MacZort"]
[Black "Jackovljevic"]
[Result "1-0"]
[WhiteElo "1500"]
[BlackElo "1369"]

1. d4 d5 2. Nf3 Nf6 3. c4 c6 4. Nc3 e6 5. e3 Be7 6. Bd3 dxc4 7. Bxc4 O-O 8. O-O
Nbd7 9. Qc2 Nb6 10. Bb3 Qc7 11. Bd2 1-0

[Event "AUTO-OPEN-2638"]
[Site "http://www.queenalice.com/game.php?id=1040986"]
[Date "2012.3.20"]
[Round "1"]
[White "MacZort"]
[Black "attachui"]
[Result "0-1"]
[WhiteElo "1629"]
[BlackElo "2135"]

1. e4 d5 2. exd5 Qxd5 3. Nc3 Qa5 4. d4 e6 5. Ne2 Nf6 6. Qd3 g6 7. g3 Bg7 8. Bg2
O-O 9. O-O Rd8 10. Bd2 Qb6 11. Na4 Qd6 12. Bf4 Qe7 13. Nc5 Nd5 14. Bxd5 Rxd5 15.
g4 e5 16. c4 Rd8 17. Be3 b6 18. Ne4 exd4 19. Rad1 Nc6 20. Bf4 Bxg4 21. Rd2 Nb4
22. Qb1 d3 23. N2c3 Bf3 24. Ng3 Qh4 25. Nd5 Rxd5 0-1

[Event "AUTO-OPEN-2638"]
[Site "http://www.queenalice.com/game.php?id=1040987"]
[Date "2012.3.20"]
[Round "1"]
[White "attachui"]
[Black "MacZort"]
[Result "1-0"]
[WhiteElo "2156"]
[BlackElo "1690"]

1. d4 Nf6 2. c4 g6 3. Nc3 d5 4. cxd5 Nxd5 5. e4 Nxc3 6. bxc3 Bg7 7. Bc4 O-O 8.
Ne2 c5 9. O-O Qa5 10. Qb3 b6 11. Bd5 Be6 12. Bxe6 fxe6 13. Qxe6+ Rf7 14. Qd5 Nc6
15. Qxc6 Raf8 16. e5 Qa6 17. e6 Rf5 18. Ng3 Qd3 19. Nxf5 1-0

[Event "AUTO-OPEN-2717"]
[Site "http://www.queenalice.com/game.php?id=1073879"]
[Date "2012.6.19"]
[Round "1"]
[White "MacZort"]
[Black "vivafischer"]
[Result "0-1"]
[WhiteElo "1596"]
[BlackElo "2300"]

1. d4 Nf6 2. c4 g6 3. Nc3 d5 4. cxd5 Nxd5 5. e4 Nxc3 6. bxc3 Bg7 7. Nf3 c5 8.
Bc4 O-O 9. Be3 Nc6 10. Qd2 Qa5 11. O-O cxd4 12. cxd4 Qxd2 13. Nxd2 Nxd4 14. Rab1
b6 15. Nb3 Nxb3 16. Rxb3 Bb7 17. f3 Rac8 18. Rc1 Rfd8 0-1

[Event "AUTO-OPEN-2717"]
[Site "http://www.queenalice.com/game.php?id=1073880"]
[Date "2012.6.19"]
[Round "1"]
[White "vivafischer"]
[Black "MacZort"]
[Result "1-0"]
[WhiteElo "2299"]
[BlackElo "1596"]

1. e4 c5 2. Nc3 e6 3. Nf3 Nc6 4. d4 cxd4 5. Nxd4 Nf6 6. g3 d6 7. Bg2 a6 8. O-O
Be7 9. a4 O-O 10. Nb3 Bd7 11. a5 Rc8 12. f4 Qc7 13. Be3 Qb8 14. Na4 Nb4 15. Rf2
Bc6 16. c3 Bxa4 17. Rxa4 1-0

[Event "AUTO-OPEN-2717"]
[Site "http://www.queenalice.com/game.php?id=1073883"]
[Date "2012.6.19"]
[Round "1"]
[White "MacZort"]
[Black "diego2907"]
[Result "0-1"]
[WhiteElo "1596"]
[BlackElo "1841"]

1. d4 d5 2. c4 e6 3. Nc3 c6 4. e3 b6 5. Nf3 Ba6 6. Qb3 Bd6 7. Bd3 Nf6 8. Ne5
Bxe5 9. dxe5 Nfd7 10. Be2 O-O 11. O-O Nc5 12. Qc2 dxc4 13. Rd1 b5 14. Rxd8 Rxd8
15. Ne4 Nxe4 16. Qxe4 Nd7 0-1

[Event "AUTO-OPEN-2717"]
[Site "http://www.queenalice.com/game.php?id=1073884"]
[Date "2012.6.19"]
[Round "1"]
[White "diego2907"]
[Black "MacZort"]
[Result "1-0"]
[WhiteElo "1847"]
[BlackElo "1582"]

1. e4 c5 2. Bc4 e6 3. d4 cxd4 4. Qxd4 Nc6 5. Qd1 Nf6 6. Bg5 Be7 7. Bxf6 Bxf6 8.
c3 d6 9. Nd2 O-O 10. Ngf3 Bd7 11. h3 Rc8 12. O-O Ne5 13. Nxe5 Bxe5 14. Nf3 Rxc4
15. Re1 Bc6 16. Qc2 Qb6 17. Nxe5 1-0